Excavaciones / (Registro nro. 19183)

Detalles MARC
000 -CABECERA
Campo de control 00829cam a2200241 a 4500
005 - FECHA Y HORA DE LA ULTIMA TRANSACCION
Campo de control 20161215160603.0
008 - ELEMENTOS DE LONGITUD FIJA—INFORMACION GENERAL
Campo de control 110923s2008 ck ao r 000 0 spa d
020 ## - ISBN
ISBN 9789587190632
040 ## - FUENTE DE CATALOGACIÓN
Agencia catalogadora original CO-BoPUJ
Agencia transcriptora CO-BoIAVH
Agencia Modificadora CO-BoIAVH
041 0# - IDIOMA
Código de idioma para texto/pista de sonido o título separado Español
044 ## - PAÍS DE PUBLICACIÓN
País de publicación Colombia
082 04 - NUMERO DE CLASIFICACION DECIMAL DEWEY
Número de clasificación 730
Número del ítem S34e
100 1# - ASIENTO PRINCIPAL--NOMBRE PERSONAL
Nombre personal Schlenker, Cristóbal
Fechas asociadas con el nombre 1948-
Término relacionado autor
9 (RLIN) 77913
245 10 - MENCION DE TITULO
Título Excavaciones /
Mención de responsabilidad Cristóbal Schlenker
250 ## - MENCION DE EDICION
Mención de edición Primera edición
260 ## - PUBLICACION, DISTRIBUCION, ETC. (PIE DE IMPRENTA)
Lugar de publicación, distribución, etc. Bogotá (Colombia) :
Nombre del editor, distribuidor, etc. Universidad Nacional de Colombia (Sede Bogotá), Facultad de Artes
Fecha de publicación, distribución, etc. 2008.
300 ## - DESCRIPCION FISICA
Extensión 84 páginas :
Otros detalles físicos ilustraciones y fotografías ;
Dimensiones 21 x 14 cm.
504 ## - NOTA DE BIBLIOGRAFIA, ETC.
Nota de bibliografía Incluye referencias bibliográficas: páginas 83-84.
650 26 - ASIENTO SECUNDARIO DE MATERIA - TERMINO TEMATICO
Término temático o nombre geográfico como elemento de entrada Escultura
9 (RLIN) 77909
650 24 - ASIENTO SECUNDARIO DE MATERIA - TERMINO TEMATICO
Término temático o nombre geográfico como elemento de entrada Arte de la tierra
9 (RLIN) 77911
650 24 - ASIENTO SECUNDARIO DE MATERIA - TERMINO TEMATICO
Término temático o nombre geográfico como elemento de entrada Expresionismo (Arte)
9 (RLIN) 77912
942 ## - ELEMENTOS ADICIONALES (KOHA)
Sistema de clasificación Dewey Decimal Classification
Tipo de ítem Libro
Existencias
Withdrawn status Lost status Sistema de Clasificación Damaged status No para préstamo Colección Inventariado Ubicación Permanente Ubicación actual Fecha de adquisición Fuente de Valor Valor Total Checkouts Número topográfico Inventario / Código de Barras Date last seen Ejemplar Price effective from Forma de adquisición Tipo de material
    Dewey Decimal Classification     General Inventariado 2017 Bogotá Bogotá 15/12/2016 Instituto 39000.00   LB-730 S34e 040874 15/12/2016 Ej. 1 15/12/2016 Donación Libro